ARRUPE JESUIT UNIVERSITY

CORONAVIRUS -STOP THE SPREAD - CLEAN,DISINFECT,COVER

L'Église de Vatican II ... (Record no. 127461)

MARC details
000 -LEADER
fixed length control field 01069cam a2200265u 4500
001 - CONTROL NUMBER
control field 6154618
003 - CONTROL NUMBER IDENTIFIER
control field ARRUPE
005 - DATE AND TIME OF LATEST TRANSACTION
control field 20180123112746.0
008 - FIXED-LENGTH DATA ELEMENTS--GENERAL INFORMATION
fixed length control field 821214s1966 fr 000 0 fre
010 ## - LIBRARY OF CONGRESS CONTROL NUMBER
LC control number 68099168
040 ## - CATALOGING SOURCE
Original cataloging agency DLC
Transcribing agency CarP
Modifying agency DLC
041 1# - LANGUAGE CODE
Language code of text/sound track or separate title fre
Language code of original and/or intermediate translations of text por
050 00 - LIBRARY OF CONGRESS CALL NUMBER
Classification number BX830 1962.A7
Item number U51
300 ## - PHYSICAL DESCRIPTION
Dimensions 22 cm.
100 1# - MAIN ENTRY--PERSONAL NAME
Personal name Baraúna, Guilherme.
9 (RLIN) 38788
Relator term ed.
245 12 - TITLE STATEMENT
Title L'Église de Vatican II ...
Statement of responsibility, etc Guilherme Barauna
260 ## - PUBLICATION, DISTRIBUTION, ETC. (IMPRINT)
Place of publication, distribution, etc Paris,
Name of publisher, distributor, etc les Éditions du Cerf,
Date of publication, distribution, etc 1966.
300 ## - PHYSICAL DESCRIPTION
Extent 3 v.
440 ## - SERIES STATEMENT/ADDED ENTRY--TITLE
Title Unam Sanctam
Number of part/section of a work 51b, 51c
9 (RLIN) 38789
650 #0 - SUBJECT ADDED ENTRY--TOPICAL TERM
Topical term or geographic name as entry element Church.
General subdivision Catholic Church
9 (RLIN) 13540
700 1# - ADDED ENTRY--PERSONAL NAME
Personal name Congar, Yves,
Dates associated with a name 1904-1995,
Relator term ed.
9 (RLIN) 848
711 22 - ADDED ENTRY--MEETING NAME
Meeting name or jurisdiction name as entry element Vatican Council
Number of part/section/meeting (2nd :
Date of meeting 1962-1965 :
Location of meeting Basilica di San Pietro in Vaticano).
Title of a work Constitutio dogmatica de ecclesia.
9 (RLIN) 38790
830 #0 - SERIES ADDED ENTRY--UNIFORM TITLE
Uniform title Vatican II; textes et commentaires des décrets conciliaires. [from old catalog]
9 (RLIN) 38791
906 ## - LOCAL DATA ELEMENT F, LDF (RLIN)
a 0
b cbc
c premunv
d u
e ncip
f 19
g y-gencatlg
942 ## - ADDED ENTRY ELEMENTS (KOHA)
Source of classification or shelving scheme Library of Congress Classification
Koha item type Monograph ( Printed materials)
Holdings
Withdrawn status Lost status Source of classification or shelving scheme Damaged status Not for loan Collection code Home library Current library Shelving location Date acquired Total Checkouts Full call number Barcode Date last seen Copy number Price effective from Koha item type
    Library of Congress Classification     Main Collection ARRUPE LIBRARY ARRUPE LIBRARY Main Collection 19/01/2018   BX830 1962.A7 U51 46600000846 19/01/2018 vol. 2 19/01/2018 Monograph ( Printed materials)
    Library of Congress Classification     Main Collection ARRUPE LIBRARY ARRUPE LIBRARY Main Collection 19/01/2018   BX830 1962.A7 U51 46600000847 19/01/2018 vol. 1 19/01/2018 Monograph ( Printed materials)

 

Arrupe Library. PO Box MP320 Mt Pleasant, Harare, Zimbabwe
263 242 745411|librarian@aju.ac.zw